Science Quiz

Random Science or Clickable Quiz

This or That: Domestic Cats Quiz Stats

 Plays Quiz Updated Aug 11, 2017

Support Sporcle.
Go Orange.
Score 0/12 Timer 03:00
4 Plays Today
Question Answer Wrong Answers
Cats can hear ____ sounds than humans can. Higher-pitched
78.1%
Lower-pitched
17.3%
The average heart rate of a cat is ____ than the average heart rate of a human. Higher
77.8%
Lower
18.8%
While it was long believed that cats were domesticated in Egypt, recent research suggests that domestication actually occurred in: Other locations in the Middle East
76.2%
Northern Europe
23.5%
Their free-floating ____ bones give cats the ability to pass through any space that is large enough to accommodate their head. Clavicle
74.3%
Neck
21.8%
Domestic cats have a gestation period of about ____ days. 65
72%
105
26.4%
Cats were first domesticated around ____ years ago. 10,000
71.2%
5,000
28.7%
Cats are among the animals to have a tissue called the tapetum lucidum; this tissue allows them to: See in dim light
70%
Hear sounds that are imperceptible to humans
25.6%
Like their big cousins, domestic cats lack a particular receptor, and thus cannot taste ____ foods. Sweet
64.9%
Bitter
30.1%
Cats are unable to see colors. False
63.9%
True
32%
Domestic cats have approximately ____ genes. 20,000
50.9%
10,000
46.6%
While the average lifespan of indoor cats is 13-17 years, the world's oldest cat, Creme Puff, lived until the age of nearly: 40
44.3%
30
50.5%
The worldwide population of domestic cats has been estimated to be as high as: 600 million
38.6%
1 billion
60.5%

You're not logged in!

Compare scores with friends on all Sporcle quizzes.
OR
Log In
Forgot?

From the Vault

Australian Football League Teams

by milc

Aussie Aussie Aussie, Oi Oi Oi!
Remove Ads.
Support Sporcle.
Get the best of Sporcle when you Go Orange. This ad-free experience offers more features, more stats, and more fun while also helping to support Sporcle. Thank you for becoming a member.

Show Comments

Extras

Top Quizzes Today


Score Distribution

Your Account Isn't Verified!

In order to create a playlist on Sporcle, you need to verify the email address you used during registration. Go to your Sporcle Settings to finish the process.

Report this User

Report this user for behavior that violates our Community Guidelines.

Details: